Wiek i występowanie surowców w Polsce - Statystyki

Ogólne statystyki
  • Ten quiz został rozwiązany 32 razy
  • Średni wynik to 7 z 20
Statystyki odpowiedzi
Rodzaj Surowca Występowanie Czas Powstania Surowiec % Poprawnych
Wyżyna Śląska, Rejon Wałbrzycha, Wyżyna Lubelska karbon Węgiel Kamienny
100%
Okolice Kamienia Pomorskiego, Szelf Bałtycki perm Ropa Naftowa
84%
Bełchatów, Konin, Bogatynia neogen Węgiel Brunatny
84%
Okolice Tarnobrzega neogen Siarka
63%
Chemiczne Okolice Bochni i Wieliczki, neogen Sól Kamienna
63%
Energetyczne Pojezierze Wielkopolskie paleozoik Gaz Ziemny
53%
Północny pas Karpat neogen Ropa Naftowa
47%
Północny pas Karpat neogen Gaz Ziemny
42%
Okolice Inowrocławia, Wapna i Kłodawy perm Sól Kamienna
32%
Pobrzeże Szczecińskie, Pojezierze Pomorskie holocen Torf
21%
Wyżyna Krakowsko-Częstochowska, Wyżyna Kielecko Sandomierska, Wyżyna Lubelska jura Wapienie
21%
Olkusz, Tarnowskie Góry trias Cynk i Ołów
16%
Niecka Nidziańska neogen Gips
11%
Przedgórze Sudeckie karbon Granity
11%
Sudety paleozoik Marmury
11%
Metaliczne Okolice Legnicy,Lubina, Polkowic perm Miedź i Srebro
11%
Beskidy, Sudety, Roztocze kreda Piaskowce
11%
Wyżyna Krakowsko-Częstochowska karbon Wapienie
11%
Wyżyna Śląska trias Dolomity
5%
Skalne Sudety, Wyżyna Krakowsko - Częstochowska paleozoik Porfiry, Diabazy
5%
Nie znaleziono quizów pasujących do podanych kryteriów
Rozkład punktacji
Procent ludzi z każdym wynikiem
Percentyl według liczby udzielonych odpowiedzi
Twoja historia wyników
Nie rozwiązałeś tego quizu